000
00234nam a22000857a 4500
008
161124b xxu||||| |||| 00| 0 eng d
100
_9
1368
_a
CBSE
245
_a
Senior school curriculum - 2009
260
_a
New delhi
_b
National book trust
_c
2007
999
_c
4082
_d
4082